000 00914nam a22003017a 4500
003 CHAP
005 20220817042929.0
008 971013s1994 r 00010 d
010 _a60207
011 _a61179
035 _a65343
040 _cCHAP
082 _a580.972
_bD4 1994
245 _aDe México al mundo
_b: plantas
250 _a2 ed.
260 _aMéxico, D. F. :
_bGrupo Azabache, S. A. de C. V.,
_c1994
300 _a195 p.
_b: ilus.
590 _aBATCH-UPD
_b10
_c20130110
_lUCH01
_h1041
590 _aBATCH-UPD
_b10
_c20130410
_lUCH01
_h0641
590 _aBATCH-UPD
_b10
_c20130914
_lUCH01
_h0734
590 _aCONVERSION
_b10
_c20130109
_lUCH01
_h1332
650 1 4 _aBotánica médica.
_914680
650 1 4 _aBotánica
_zMéxico.
_914641
650 1 4 _aPlantas ornamentales.
901 _aBK
942 _cLIBRO
949 _a580.972 D4 1994
_bBC
_cESP
_d33724000630752
_eESP
_gI. 183319
_h90509
_i65343
_si
999 _c60207
_d60207